[Event "26.Schlosspark-Open"]
[Site "Wiesbaden-Biebrich"]
[Date "2014.08.29"]
[Round "3.56"]
[White "Schmidt, Volker"]
[Black "Gelfenbaum, Daniel"]
[Result "1/2-1/2"]
[WhiteElo "1967"]
[BlackElo "1716"]
[PlyCount "28"]
[EventDate "2014.??.??"]
[WhiteTeam "SAbt TuS Dotzheim"]
[BlackTeam "SAbt TuS Makkabi Ffm"]

1. c4 e5 2. g3 Nf6 3. Bg2 d5 4. cxd5 Nxd5 5. Nc3 Nb6 6. Nf3 Nc6 7. d3 Be7 8.
O-O O-O 9. a3 Be6 10. b4 a6 11. Be3 Nd5 12. Nxd5 Bxd5 13. Rc1 f5 14. Bc5 f4
1/2-1/2

[Event "26.Schlosspark-Open"]
[Site "Wiesbaden-Biebrich"]
[Date "2014.08.29"]
[Round "3.57"]
[White "Ottway, Christopher"]
[Black "Günther, Rainer"]
[Result "1-0"]
[WhiteElo "1951"]
[BlackElo "1704"]
[PlyCount "107"]
[EventDate "2014.??.??"]
[WhiteTeam "Biebertaler SF"]
[BlackTeam "SV Mainz-Mombach"]

1. c4 Nf6 2. g3 c5 3. Bg2 Nc6 4. Nc3 g6 5. e4 d6 6. Nge2 Bg7 7. d3 a6 8. h3 Rb8
9. a4 Bd7 10. Be3 O-O 11. O-O b6 12. f4 e6 13. g4 Ne8 14. Qd2 Nd4 15. Bxd4 cxd4
16. Nd1 b5 17. cxb5 axb5 18. a5 b4 19. b3 Nc7 20. Nb2 Na6 21. Nc4 Bc6 22. Rfc1
Ba8 23. Nb6 Bb7 24. Rc4 d5 25. exd5 exd5 26. Rc2 Qd6 27. Rac1 Rfe8 28. Re1 Re3
29. Rf1 Rbe8 30. Nc1 Nc7 31. Qf2 Nb5 32. f5 Qg3 33. fxg6 Qxf2+ 34. Rcxf2 f6 35.
Nxd5 Bxd5 36. Bxd5+ Kh8 37. Kg2 hxg6 38. a6 R8e7 39. Be4 Nc3 40. Bb7 Nb5 41.
Rc2 Na7 42. Be4 Kh7 43. Ne2 R3xe4 44. dxe4 d3 45. Rd2 dxe2 46. Rxe2 Nb5 47. Ra2
Na3 48. Rd1 Bf8 49. Rd6 Kg7 50. Rf2 Rf7 51. Rdxf6 Rxf6 52. Rxf6 Bc5 53. Rc6 Bd4
54. a7 1-0

[Event "26.Schlosspark-Open"]
[Site "Wiesbaden-Biebrich"]
[Date "2014.08.29"]
[Round "3.58"]
[White "Triantafillidis, Dimitrios"]
[Black "Krüger, Stefan"]
[Result "0-1"]
[WhiteElo "1659"]
[BlackElo "1912"]
[PlyCount "68"]
[EventDate "2014.??.??"]
[WhiteTeam "SF HN-Biberach 1978 e.V."]
[BlackTeam "SF Leherheide"]

1. e4 c5 2. c3 Nf6 3. e5 Nd5 4. d4 cxd4 5. cxd4 d6 6. f4 Nc6 7. Nf3 dxe5 8.
fxe5 Bg4 9. Nbd2 e6 10. a3 Be7 11. Qb3 O-O 12. Bc4 Nb6 13. Qc3 Nxc4 14. Qxc4
Rc8 15. Qd3 f6 16. Qe3 fxe5 17. dxe5 Qa5 18. b4 Nxb4 19. Nd4 Nc2+ 20. Nxc2 Rxc2
21. Qe4 Bf5 22. Qe2 Bc5 23. Rf1 Bd4 24. Rb1 Qc3 25. Kd1 Rxd2+ 26. Qxd2 Qxd2+
27. Bxd2 Bxb1 28. Re1 Rf5 29. Kc1 Ba2 30. Bb4 Rxe5 31. Rd1 Rd5 32. Rf1 Bf6 33.
Rf2 Bb3 34. g4 Rd1# 0-1

[Event "26.Schlosspark-Open"]
[Site "Wiesbaden-Biebrich"]
[Date "2014.08.29"]
[Round "3.59"]
[White "Anhalt, Albert"]
[Black "Lorenz, Hermann"]
[Result "0-1"]
[WhiteElo "1909"]
[BlackElo "1698"]
[PlyCount "76"]
[EventDate "2014.??.??"]
[WhiteTeam "SG Turm Idstein"]
[BlackTeam "Sfr.Mainz 1928"]

1. e4 d6 2. d4 Nf6 3. Bd3 g6 4. Ne2 Bg7 5. O-O O-O 6. c3 c5 7. Nd2 cxd4 8. cxd4
Nc6 9. h3 b6 10. Nf3 Bb7 11. Nc3 Nd7 12. Be3 e5 13. Bc2 exd4 14. Nxd4 Nce5 15.
Ndb5 Ba6 16. Qxd6 Nc4 17. Qb4 Nxe3 18. fxe3 Nc5 19. Rad1 Qg5 20. Rf3 Rae8 21.
Nc7 Rc8 22. Nxa6 Nxa6 23. Qa3 Nc7 24. Rd2 Qh4 25. Rdf2 Ne6 26. Nd5 Rc5 27. b4
Rcc8 28. Bd3 Rcd8 29. Qxa7 Ng5 30. Rf4 Qg3 31. Kf1 Rxd5 32. exd5 Qxe3 33. R2f3
Qc1+ 34. Kf2 Nxf3 35. Kxf3 Qd1+ 36. Be2 Qxd5+ 37. Kf2 Qd2 38. Kf3 Qc3+ {ZÜ} 0-1

[Event "26.Schlosspark-Open"]
[Site "Wiesbaden-Biebrich"]
[Date "2014.08.29"]
[Round "3.60"]
[White "Roos, Elias"]
[Black "Eg, Karlheinz"]
[Result "0-1"]
[WhiteElo "1648"]
[BlackElo "1896"]
[PlyCount "92"]
[EventDate "2014.??.??"]
[WhiteTeam "SG Trier"]
[BlackTeam "SV Rüsselsheim 1929"]

1. e4 e5 2. Nf3 Nc6 3. Bb5 a6 4. Ba4 Nf6 5. O-O Be7 6. Re1 b5 7. Bb3 O-O 8. c3
d6 9. h3 Na5 10. Bc2 c5 11. d4 Qc7 12. Nbd2 Rd8 13. d5 c4 14. Nf1 Nb7 15. N3h2
Nc5 16. Ng4 Nfxe4 17. Bxe4 Nxe4 18. Nh6+ gxh6 19. Rxe4 f5 20. Re1 Bg5 21. Ng3
Qf7 22. Qc2 Rf8 23. Rd1 Bb7 24. Bxg5 hxg5 25. Qd2 h6 26. a4 Qg6 27. Nf1 f4 28.
Nh2 h5 29. Qe2 Kh7 30. f3 Kh6 31. Qf2 Qf7 32. Qb6 Qd7 33. a5 Rac8 34. Qf2 Rc5
35. h4 g4 36. fxg4 hxg4 37. Qe2 Rg8 38. Nf1 Bxd5 39. Qd2 Kh5 40. g3 Qf7 41.
Rac1 Ba8 42. Qxd6 Qb7 43. Kf2 Qf3+ 44. Ke1 Qe4+ 45. Kf2 Rcc8 46. Qf6 Rcf8 0-1

[Event "26.Schlosspark-Open"]
[Site "Wiesbaden-Biebrich"]
[Date "2014.08.29"]
[Round "3.61"]
[White "Fröhlich-Dill, Astrid"]
[Black "Lessmann, Sven"]
[Result "1-0"]
[WhiteElo "1894"]
[BlackElo "1686"]
[PlyCount "47"]
[EventDate "2014.??.??"]
[WhiteTeam "SV 1920 Hofheim"]
[BlackTeam "SC Bad Soden"]

1. d4 d5 2. Nf3 Nf6 3. c4 c6 4. e3 Bg4 5. Nc3 dxc4 6. Bxc4 b5 7. Bxf7+ Kxf7 8.
Ne5+ Ke8 9. Nxg4 Nbd7 10. Qf3 Rc8 11. O-O Nxg4 12. Qxg4 g6 13. e4 Bg7 14. e5
Nf8 15. Be3 e6 16. Ne4 Rc7 17. Nd6+ Kd7 18. Bg5 Qb8 19. Qf3 c5 20. d5 Bxe5 21.
Nf7 Bxb2 22. dxe6+ Kxe6 23. Rfe1+ Kd7 24. Re7+ 1-0

[Event "26.Schlosspark-Open"]
[Site "Wiesbaden-Biebrich"]
[Date "2014.08.29"]
[Round "3.62"]
[White "Krastev, Alexander"]
[Black "Weiland, Thomas"]
[Result "1/2-1/2"]
[WhiteElo "1620"]
[BlackElo "1889"]
[PlyCount "67"]
[EventDate "2014.??.??"]
[WhiteTeam "Biebertaler SF"]
[BlackTeam "SV Oberursel"]

1. e4 d5 2. exd5 Nf6 3. Nc3 Nxd5 4. Bc4 c6 5. d4 e6 6. Nf3 Bb4 7. Bd2 Qa5 8.
Ne4 Bxd2+ 9. Qxd2 Qxd2+ 10. Kxd2 Nd7 11. Rhe1 Ke7 12. Nc3 Nxc3 13. Kxc3 b5 14.
Bb3 Bb7 15. a4 a6 16. Rad1 Nb6 17. Ng5 Nd5+ 18. Bxd5 cxd5 19. a5 Rac8+ 20. Kb3
Rc4 21. c3 h6 22. Nf3 Rhc8 23. Ne5 Ra4 24. Ra1 Rxa1 25. Rxa1 Rc7 26. Nd3 Bc8
27. f4 Kd6 28. Nc5 g5 29. Rf1 f5 30. Nd3 Rg7 31. g3 Bd7 32. Nc5 Bc8 33. Nd3
gxf4 34. Rxf4 1/2-1/2

[Event "26.Schlosspark-Open"]
[Site "Wiesbaden-Biebrich"]
[Date "2014.08.29"]
[Round "3.63"]
[White "Budde, Michael"]
[Black "Stuhlmann, Florian"]
[Result "0-1"]
[WhiteElo "1884"]
[BlackElo "1654"]
[PlyCount "86"]
[EventDate "2014.??.??"]
[WhiteTeam "SC Flörsheim 1921"]
[BlackTeam "SC Königsflügel Lindenholzhausen"]

1. d4 d5 2. c4 e6 3. Nf3 Nf6 4. Nc3 c5 5. e3 Nc6 6. cxd5 Nxd5 7. Bb5 a6 8.
Bxc6+ bxc6 9. Qa4 Qb6 10. O-O Be7 11. e4 Nxc3 12. bxc3 O-O 13. Ba3 Qb5 14. Qxb5
cxb5 15. Ne5 Bb7 16. f3 b4 17. Rab1 a5 18. Rfd1 cxd4 19. cxb4 axb4 20. Bxb4
Bxb4 21. Rxb4 Bc8 22. a4 f6 23. Nc6 e5 24. Ne7+ Kf7 25. Nd5 Ra7 26. f4 Be6 27.
fxe5 Bxd5 28. exd5 fxe5 29. Re1 Re8 30. Ra1 Ke7 31. a5 Kd6 32. Rb5 e4 33. Rc1
d3 34. Rc6+ Kd7 35. Kf1 e3 36. Ke1 e2 37. Re6 Rxe6 38. dxe6+ Kxe6 39. Kd2 Rf7
40. a6 Rf1 41. Rb6+ Kd5 42. Rb5+ Kc4 43. Re5 Rd1+ 0-1

[Event "26.Schlosspark-Open"]
[Site "Wiesbaden-Biebrich"]
[Date "2014.08.29"]
[Round "3.64"]
[White "Thybo, Thomas Sondergaard"]
[Black "Lanz, Udo"]
[Result "0-1"]
[WhiteElo "1525"]
[BlackElo "1884"]
[PlyCount "54"]
[EventDate "2014.??.??"]
[WhiteTeam "Morso Skak Klub"]
[BlackTeam "VSG 1880 Offenbach"]

1. e4 c6 2. d4 d5 3. e5 Bf5 4. Nc3 e6 5. h4 h6 6. Bd3 Bxd3 7. Qxd3 Nd7 8. Qg3
Ne7 9. Nge2 Nf5 10. Qf4 c5 11. Be3 a6 12. h5 Qc7 13. g4 cxd4 14. gxf5 dxe3 15.
Qxe3 Qxe5 16. Qxe5 Nxe5 17. Rh3 Bc5 18. Nf4 exf5 19. Nfxd5 O-O-O 20. O-O-O g5
21. f4 g4 22. Rhh1 Nc4 23. Rhe1 Rhe8 24. b4 Rxe1 25. Rxe1 Bf2 26. Rd1 Kb8 27.
Ne7 Be3+ 0-1

[Event "26.Schlosspark-Open"]
[Site "Wiesbaden-Biebrich"]
[Date "2014.08.29"]
[Round "3.65"]
[White "Zimpfer, Andreas"]
[Black "Triantafillidis, Simeon"]
[Result "1-0"]
[WhiteElo "1879"]
[BlackElo "1361"]
[PlyCount "71"]
[EventDate "2014.??.??"]
[WhiteTeam "SC Butzbach 2000"]
[BlackTeam "SF HN-Biberach 1978 e.V."]

1. d4 d5 2. c4 c6 3. Nc3 Nf6 4. Nf3 e6 5. cxd5 cxd5 6. Bg5 Nbd7 7. e3 Be7 8.
Bd3 O-O 9. O-O Nh5 10. Bxe7 Qxe7 11. Rc1 Nhf6 12. Re1 a6 13. Nd2 e5 14. dxe5
Nxe5 15. Bb1 Be6 16. Nb3 Rfd8 17. Nd4 Nc6 18. Nxc6 bxc6 19. Na4 Rac8 20. Nc5
Qa7 21. Qa4 Qb6 22. Re2 a5 23. Nb3 Qa6 24. Rd2 Ra8 25. Rxc6 Qb7 26. Nc5 Qb8 27.
Nxe6 fxe6 28. Rxe6 Rc8 29. Rc2 Rxc2 30. Qxc2 Qb4 31. g3 Kf7 32. Re5 d4 33. a3
Qb6 34. Qc4+ Kf8 35. Ba2 Qb7 36. Qc5+ 1-0

[Event "26.Schlosspark-Open"]
[Site "Wiesbaden-Biebrich"]
[Date "2014.08.29"]
[Round "3.66"]
[White "Viol, Julius"]
[Black "Steimbach, Isabel"]
[Result "0-1"]
[WhiteElo "1516"]
[BlackElo "1834"]
[PlyCount "64"]
[EventDate "2014.??.??"]
[WhiteTeam "FC 1934 Wiesbaden-Bierstadt"]
[BlackTeam "OSG Baden-Baden"]

1. d4 d5 2. c4 e6 3. Nf3 Nf6 4. Bg5 Be7 5. Nc3 O-O 6. e3 h6 7. Bh4 Ne4 8. Bxe7
Qxe7 9. Nxe4 dxe4 10. Nd2 e5 11. d5 f5 12. f3 exf3 13. Nxf3 Na6 14. Be2 e4 15.
Nd4 Qg5 16. Kf2 f4 17. Rf1 fxe3+ 18. Kg1 Bh3 19. Rxf8+ Rxf8 20. g3 Qf6 21. Qe1
Qxd4 22. Rd1 Qf6 23. Bf1 Qf2+ 24. Qxf2 exf2+ 25. Kh1 Bxf1 26. Rxf1 e3 27. Kg2
e2 28. Rxf2 e1=Q 29. Rxf8+ Kxf8 30. Kh3 g5 31. a3 h5 32. b4 Qf1# 0-1

[Event "26.Schlosspark-Open"]
[Site "Wiesbaden-Biebrich"]
[Date "2014.08.29"]
[Round "3.68"]
[White "Ley, Sabrina"]
[Black "Rump, Andreas"]
[Result "1-0"]
[WhiteElo "1597"]
[BlackElo "1939"]
[PlyCount "85"]
[EventDate "2014.??.??"]
[WhiteTeam "SV Turm Lahnstein"]
[BlackTeam "SG Turm Idstein"]

1. d4 Nf6 2. c4 e6 3. Nc3 Bb4 4. Bd2 O-O 5. g3 Re8 6. Nf3 Nc6 7. Bg2 Bxc3 8.
Bxc3 Ne4 9. Qc2 d5 10. cxd5 exd5 11. e3 Bg4 12. Nd2 Qf6 13. O-O Nxd2 14. Bxd2
Bf3 15. b4 a6 16. a4 h6 17. b5 Ne7 18. Qxc7 b6 19. Qc2 g5 20. Bxf3 Qxf3 21.
Rfc1 Rac8 22. Qd1 Qxd1+ 23. Rxd1 a5 24. Rdc1 f5 25. Rxc8 Rxc8 26. Rc1 Rc4 27.
Rxc4 dxc4 28. Kf1 Nd5 29. Ke2 g4 30. f3 c3 31. Bc1 gxf3+ 32. Kxf3 Kf7 33. e4
Nb4 34. Ke2 Na2 35. Kd1 fxe4 36. Bxh6 Ke6 37. Kc2 Kd5 38. Kb3 Nb4 39. Kxc3 Na2+
40. Kb3 Nb4 41. Be3 Nd3 42. h4 Ne1 43. h5 1-0

[Event "26.Schlosspark-Open"]
[Site "Wiesbaden-Biebrich"]
[Date "2014.08.29"]
[Round "3.69"]
[White "Färber, David"]
[Black "Timar-Geng, Zoltan"]
[Result "1/2-1/2"]
[WhiteElo "1691"]
[BlackElo "1841"]
[PlyCount "121"]
[EventDate "2014.??.??"]
[WhiteTeam "SV 1947 Walldorf"]
[BlackTeam "SC Eulenspiegel Regensb."]

1. e4 e5 2. Nf3 Nc6 3. Bc4 Bc5 4. Nc3 Nf6 5. d3 h6 6. Be3 Bxe3 7. fxe3 d6 8.
O-O Na5 9. Bb3 Nxb3 10. axb3 Be6 11. Ne2 c6 12. Ng3 Qd7 13. Qd2 Qc7 14. Nh4 O-O
15. Nhf5 Kh7 16. Qe2 Ng8 17. Nh4 g6 18. Rf2 a6 19. Raf1 Qe7 20. Nf3 Rad8 21.
Rd1 Bg4 22. h3 Be6 23. Rff1 Qc7 24. d4 f6 25. Kh1 Ne7 26. Qf2 Kg7 27. Ne2 f5
28. exf5 Bxf5 29. Rc1 e4 30. Nd2 Bxh3 31. Qh4 Bf5 32. g4 g5 33. Qh3 Bg6 34. Qg3
Qd7 35. c4 Rxf1+ 36. Rxf1 Rf8 37. Rxf8 Kxf8 38. Nc3 Qe6 39. Qg2 d5 40. Qh2 Qxg4
41. Qxh6+ Kf7 42. Qh2 Qh4 43. Qxh4 gxh4 44. Kg2 Bf5 45. b4 Kg6 46. b5 axb5 47.
cxb5 Bg4 48. b4 Nf5 49. bxc6 bxc6 50. Nf1 Nd6 51. Nd2 Kf6 52. Nb3 Nc4 53. Kf2
h3 54. b5 Nxe3 55. Kg1 cxb5 56. Nxb5 Nc2 57. Nc3 Ke6 58. Nc5+ Kd6 59. N3xe4+
dxe4 60. Nxe4+ Kd5 61. Nf6+ 1/2-1/2

[Event "26.Schlosspark-Open"]
[Site "Wiesbaden-Biebrich"]
[Date "2014.08.29"]
[Round "3.70"]
[White "Kirchner, Stefan"]
[Black "Mönch, Dietmar"]
[Result "0-1"]
[WhiteElo "1425"]
[BlackElo "1818"]
[PlyCount "38"]
[EventDate "2014.??.??"]
[WhiteTeam "SF Schöneck"]
[BlackTeam "vereinlos"]

1. e4 c5 2. Nf3 d6 3. d4 cxd4 4. Nxd4 Nf6 5. Nc3 g6 6. Bd3 Bg7 7. Nb3 Nc6 8.
Bd2 a6 9. h3 b5 10. Ne2 Bb7 11. c3 Ne5 12. Bc2 Nxe4 13. f3 Nxd2 14. Qxd2 Nc4
15. Qc1 Rc8 16. Bd3 Ne5 17. Qc2 e6 18. O-O Qg5 19. Nd2 Qe3+ 0-1

[Event "26.Schlosspark-Open"]
[Site "Wiesbaden-Biebrich"]
[Date "2014.08.29"]
[Round "3.71"]
[White "Diskovskyi, Igor"]
[Black "Zeyen, Helmut"]
[Result "1/2-1/2"]
[WhiteElo "1564"]
[BlackElo "1801"]
[PlyCount "110"]
[EventDate "2014.??.??"]
[WhiteTeam "FC 1934 Wiesbaden-Bierstadt"]
[BlackTeam "Wiesbadener SV 1885"]

1. e4 d5 2. exd5 Nf6 3. c4 c6 4. dxc6 Nxc6 5. Nf3 Bg4 6. Be2 e6 7. Nc3 a6 8. h3
Bf5 9. a3 Qc7 10. b4 Be7 11. d4 O-O 12. Bd3 Nxd4 13. Nxd4 Qe5+ 14. Be3 Rad8 15.
Bxf5 exf5 16. Nce2 Nh5 17. Qc1 f4 18. Nf3 Qe4 19. Bxf4 Bf6 20. Ra2 Nxf4 21.
Qxf4 Qb1+ 22. Qc1 Bc3+ 23. Rd2 Qxc1+ 24. Nxc1 Rfe8+ 25. Kd1 Bxd2 26. Nxd2 Re4
27. Kc2 Rf4 28. f3 Rf6 29. h4 h5 30. Re1 Kf8 31. Re2 Rg6 32. Nd3 Rd4 33. f4 Rg3
34. Nf3 Rxc4+ 35. Kb3 Rc8 36. Nc5 Rg4 37. Nxb7 Rxf4 38. Nc5 a5 39. Nd7+ Kg8 40.
b5 a4+ 41. Kb2 f6 42. b6 Rf5 43. Nd4 Rd5 44. b7 Rd8 45. b8=Q Rxb8+ 46. Nxb8
Rxd4 47. Nc6 Rxh4 48. Ne7+ Kf7 49. Nd5 Rd4 50. Nc3 f5 51. Kc2 g5 52. Rd2 Rg4
53. Nb5 h4 54. Nd4 Kf6 55. Kc3 Re4 1/2-1/2

[Event "26.Schlosspark-Open"]
[Site "Wiesbaden-Biebrich"]
[Date "2014.08.29"]
[Round "3.72"]
[White "Busch, Günther"]
[Black "Zerhusen, Martin"]
[Result "0-1"]
[WhiteElo "1307"]
[BlackElo "1786"]
[PlyCount "90"]
[EventDate "2014.??.??"]
[WhiteTeam "FC 1934 Wiesbaden-Bierstadt"]
[BlackTeam "SV Oberursel"]

1. g3 Nf6 2. Bg2 d5 3. d3 Bd7 4. b3 e6 5. Bb2 Be7 6. e3 c5 7. Nd2 O-O 8. Ne2
Bc6 9. O-O Na6 10. a3 Nc7 11. Nf3 b6 12. h3 Rc8 13. Ng5 Bb7 14. Nf4 Nfe8 15.
Nh5 f6 16. Nf3 e5 17. g4 Nd6 18. Kh2 Ne6 19. Qe2 Qc7 20. Nd2 d4 21. Bxb7 Qxb7
22. Ng3 dxe3 23. fxe3 h6 24. Nf5 Qc7 25. Bc1 Ng5 26. e4 Nb5 27. Nc4 Nd4 28.
Nxd4 cxd4 29. Bxg5 fxg5 30. Rf2 b5 31. Nb2 Qb6 32. Qd2 Rc6 33. a4 a6 34. axb5
axb5 35. Qa5 Rfc8 36. Nd1 Qxa5 37. Rxa5 Rxc2 38. Ra2 Rc1 39. Rf1 Rb1 40. Kg2
Rcc1 41. Rb2 Ra1 42. Kf2 Rxd1 43. Rxd1 Rxd1 44. Kg2 Rxd3 45. Rb1 Re3 0-1

[Event "26.Schlosspark-Open"]
[Site "Wiesbaden-Biebrich"]
[Date "2014.08.29"]
[Round "3.73"]
[White "Brandl, Lea Maria"]
[Black "Held, Gerd"]
[Result "1-0"]
[WhiteElo "1781"]
[BlackElo "1288"]
[PlyCount "55"]
[EventDate "2014.??.??"]
[WhiteTeam "TSV Schott Mainz"]
[BlackTeam "SC Groß-Zimmern"]

1. d4 g6 2. c4 Bg7 3. Nc3 c5 4. d5 Nf6 5. e4 d6 6. Nf3 O-O 7. Be2 Bg4 8. h3
Bxf3 9. Bxf3 Nbd7 10. O-O Ne5 11. Be2 a6 12. Be3 Ned7 13. Qd2 Ne8 14. f4 f5 15.
Bd3 fxe4 16. Nxe4 Nef6 17. Ng5 Qc8 18. Ne6 Rf7 19. f5 Ne5 20. fxg6 Nxg6 21.
Bxg6 hxg6 22. Qd3 Nd7 23. Qxg6 Ne5 24. Qg3 Qe8 25. Nc7 Rxf1+ 26. Rxf1 Qg6 27.
Qxg6 Nxg6 28. Nxa8 1-0

[Event "26.Schlosspark-Open"]
[Site "Wiesbaden-Biebrich"]
[Date "2014.08.29"]
[Round "3.74"]
[White "Schneider, Kevin"]
[Black "Brandt, Michael"]
[Result "1/2-1/2"]
[WhiteElo "1155"]
[BlackElo "1762"]
[PlyCount "99"]
[EventDate "2014.??.??"]
[WhiteTeam "SC Turm Breuberg"]
[BlackTeam "Wiesbadener SV 1885"]

1. e4 c5 2. Nf3 Nc6 3. Be2 g6 4. c3 Bg7 5. O-O d6 6. d3 Nf6 7. Be3 O-O 8. Nbd2
Ng4 9. Bg5 Bd7 10. Qc1 h6 11. Bh4 b5 12. h3 Nf6 13. a3 a5 14. b3 Nh5 15. Ra2
Qc8 16. Nh2 Nf4 17. Ndf3 Nh5 18. Rd1 g5 19. Bg3 Nxg3 20. fxg3 Be6 21. c4 bxc4
22. bxc4 Rb8 23. Qc2 Qb7 24. g4 Qb3 25. Qxb3 Rxb3 26. Rdd2 Rfb8 27. Kf2 Bd7 28.
Nf1 Rb2 29. Raxb2 Rxb2 30. Rxb2 Bxb2 31. Bd1 Bxa3 32. Ba4 Nb8 33. Bxd7 Nxd7 34.
N1d2 Bb4 35. Ke2 Kf8 36. Kd1 Kg7 37. Kc2 Kg6 38. Nf1 h5 39. Kb3 hxg4 40. hxg4
Kf6 41. Ng3 Ne5 42. Nh5+ Kg6 43. Nxe5+ dxe5 44. Ng3 e6 45. Ne2 f5 46. Nc3 fxg4
47. Ne2 Kh5 48. Ka4 g3 49. Kb5 Kg4 50. Ka4 1/2-1/2

[Event "26.Schlosspark-Open"]
[Site "Wiesbaden-Biebrich"]
[Date "2014.08.29"]
[Round "3.75"]
[White "Traut, Stefan"]
[Black "Börkey, Luis"]
[Result "1/2-1/2"]
[WhiteElo "1759"]
[BlackElo "1095"]
[PlyCount "83"]
[EventDate "2014.??.??"]
[WhiteTeam "SF Heusenstamm"]
[BlackTeam "Wiesbadener SV 1885"]

1. d4 d5 2. Nf3 Bf5 3. e3 Nf6 4. c4 Nc6 5. a3 e6 6. Nc3 dxc4 7. Bxc4 Be7 8. O-O
O-O 9. b4 a6 10. Bb2 Ne4 11. Rc1 Ng5 12. Nxg5 Bxg5 13. Be2 Ne7 14. Bd3 Qd6 15.
Ne4 Bxe4 16. Bxe4 Rab8 17. Qc2 c6 18. Bxh7+ Kh8 19. Bd3 Ng8 20. Qe2 Nf6 21. f4
Bh6 22. Qf3 g6 23. Qh3 Kh7 24. Qh4 Qe7 25. Rf3 Ng8 26. Qxe7 Nxe7 27. e4 f5 28.
Rcf1 fxe4 29. Bxe4 Kg8 30. g3 Rbd8 31. Rd1 Rd7 32. Kg2 Rfd8 33. Bc3 Bg7 34.
Rfd3 Nf5 35. Bxf5 exf5 36. Kf3 Kf7 37. Ba1 Rh8 38. h4 Rhd8 39. Bc3 Rh8 40. Be1
Rhd8 41. Bf2 Ke6 42. Bg1 1/2-1/2

[Event "26.Schlosspark-Open"]
[Site "Wiesbaden-Biebrich"]
[Date "2014.08.29"]
[Round "3.76"]
[White "Raitor, Sven"]
[Black "Bolduan, Michael"]
[Result "0-1"]
[WhiteElo "1493"]
[BlackElo "1870"]
[PlyCount "78"]
[EventDate "2014.??.??"]
[WhiteTeam "SK Großsachsen"]
[BlackTeam "SC Taunusstein 1966"]

1. d4 e6 2. c4 f5 3. Nc3 Nf6 4. Bg5 Be7 5. g3 d5 6. Nf3 O-O 7. Ne5 Nbd7 8. Bxf6
Nxf6 9. Bg2 c6 10. c5 Bd7 11. f4 Be8 12. Bf3 Bh5 13. O-O Qe8 14. b4 Ng4 15.
Nxg4 fxg4 16. Bg2 g5 17. e3 Qg6 18. Rf2 gxf4 19. exf4 Bf6 20. Bf1 Qg7 21. Rd2
Bf7 22. Be2 h5 23. a4 a6 24. Na2 Bg6 25. Nc1 Bf5 26. Nb3 Rae8 27. b5 axb5 28.
axb5 h4 29. Ra7 hxg3 30. hxg3 Ra8 31. Rda2 Rxa7 32. Rxa7 cxb5 33. Bxb5 Qg6 34.
Rxb7 Bc2 35. Qd2 Qe4 36. Be2 Bxb3 37. Rxb3 Bxd4+ 38. Kh2 Qh7+ 39. Kg2 Qh3# 0-1

[Event "26.Schlosspark-Open"]
[Site "Wiesbaden-Biebrich"]
[Date "2014.08.29"]
[Round "3.77"]
[White "Salm, Andreas"]
[Black "Sergakis, Leonidas"]
[Result "0-1"]
[WhiteElo "1471"]
[BlackElo "1803"]
[PlyCount "70"]
[EventDate "2014.??.??"]
[WhiteTeam "SAbt SV Werder Bremen"]
[BlackTeam "O.F.C Chania"]

1. c4 d6 2. g3 e5 3. Bg2 Nf6 4. h3 Be7 5. Nc3 c6 6. e4 Nbd7 7. d3 a5 8. Nge2
O-O 9. O-O Qc7 10. f4 Nc5 11. b3 Bd7 12. f5 Rab8 13. Kh2 b5 14. cxb5 cxb5 15.
Bg5 Bc6 16. Rb1 b4 17. Nd5 Bxd5 18. exd5 Ng4+ 19. hxg4 Bxg5 20. d4 exd4 21.
Nxd4 Rfe8 22. Qc2 Qd7 23. Rfe1 Bf6 24. Nc6 Ra8 25. Bf1 Bc3 26. Re2 a4 27. Rxe8+
Qxe8 28. Bb5 axb3 29. axb3 Qe4 30. Qxe4 Nxe4 31. Bc4 Ra2+ 32. Kh3 h6 33. Bf1
Ng5+ 34. Kh4 Rh2+ 35. Bh3 Rxh3# 0-1

[Event "26.Schlosspark-Open"]
[Site "Wiesbaden-Biebrich"]
[Date "2014.08.29"]
[Round "3.78"]
[White "Bratmann, Marc"]
[Black "Meier, Alexander"]
[Result "0-1"]
[WhiteElo "1747"]
[BlackElo "1345"]
[PlyCount "108"]
[EventDate "2014.??.??"]
[WhiteTeam "SAbt TuS Dotzheim"]
[BlackTeam "SC Taunusstein 1966"]

1. e4 d5 2. exd5 Nf6 3. d4 Nxd5 4. Nf3 Bf5 5. Be2 Nc6 6. O-O a6 7. Bg5 h6 8.
Bh4 Nf4 9. c3 Nxe2+ 10. Qxe2 Qd7 11. Nbd2 g5 12. Bg3 Bg7 13. Rfe1 O-O 14. Nc4
Bg4 15. Nce5 Nxe5 16. Bxe5 Bxe5 17. Nxe5 Bxe2 18. Nxd7 Rfd8 19. Nb6 cxb6 20.
Rxe2 e6 21. Re5 Rd7 22. Rae1 Rad8 23. R1e4 Rd5 24. Kf1 Rxe5 25. Rxe5 Kg7 26.
Ke2 Rd6 27. f3 b5 28. b3 f6 29. Re3 Kf7 30. Rd3 b6 31. Ke3 f5 32. a3 h5 33. c4
bxc4 34. bxc4 Rc6 35. Rc3 b5 36. Kd3 bxc4+ 37. Rxc4 Rd6 38. Rc5 Kf6 39. a4 Rb6
40. Rc2 Ke7 41. Kc3 Kd7 42. g3 Rc6+ 43. Kd3 Rb6 44. Kc3 Rc6+ 45. Kb3 Rd6 46.
Rc4 Rb6+ 47. Kc2 Rd6 48. a5 Rd5 49. Ra4 Kc6 50. Kc3 e5 51. dxe5 Rxe5 52. Rc4+
Kb5 53. Kd4 g4 54. fxg4 Re4+ 0-1

[Event "26.Schlosspark-Open"]
[Site "Wiesbaden-Biebrich"]
[Date "2014.08.29"]
[Round "3.79"]
[White "Krischak, Werner"]
[Black "Sallwey, Rainer"]
[Result "1-0"]
[WhiteElo "1764"]
[BlackElo "1411"]
[PlyCount "71"]
[EventDate "2014.??.??"]
[WhiteTeam "SK Marburg 1931/72"]
[BlackTeam "SK Langen"]

1. d4 d5 2. c4 c6 3. Nf3 Nf6 4. Nc3 e6 5. e3 Be7 6. Bd3 a6 7. O-O O-O 8. b3
Nbd7 9. Bb2 Re8 10. Re1 Nf8 11. e4 dxe4 12. Nxe4 Nxe4 13. Bxe4 Bf6 14. Qc2 Ng6
15. Rad1 Qa5 16. Bc3 Qb6 17. Ne5 Bxe5 18. dxe5 Qc7 19. Qd3 Nf8 20. Qd6 Qb6 21.
c5 Qa7 22. Ba5 Bd7 23. Bb6 Qb8 24. Bc7 Qc8 25. Re3 g6 26. Ba5 Rb8 27. Red3 b6
28. Bxb6 Rb7 29. Qd4 Re7 30. Qa4 Rb8 31. Qa5 Re8 32. Rd6 Ra8 33. R6d4 Kg7 34.
Bc7 Ra7 35. Bd6 Kg8 36. Qd2 1-0

[Event "26.Schlosspark-Open"]
[Site "Wiesbaden-Biebrich"]
[Date "2014.08.29"]
[Round "3.80"]
[White "Martin, Lukas"]
[Black "Künitz, Klaus"]
[Result "0-1"]
[WhiteElo "1374"]
[BlackElo "1604"]
[PlyCount "64"]
[EventDate "2014.??.??"]
[WhiteTeam "SC Bad Soden"]
[BlackTeam "TSV Schott Mainz"]

1. d4 f5 2. c4 Nf6 3. Nc3 d6 4. Nf3 g6 5. Bg5 Bg7 6. e3 O-O 7. Bd3 Qe8 8. O-O
e5 9. Re1 e4 10. Bxe4 fxe4 11. Nd2 Bg4 12. Qb3 b6 13. Bxf6 Bxf6 14. Ndxe4 Bg7
15. f3 Bf5 16. c5+ Be6 17. d5 Bf7 18. cxd6 cxd6 19. Nxd6 Qd7 20. Nxf7 Qxf7 21.
e4 Nd7 22. d6 Qxb3 23. axb3 Nc5 24. b4 Nd3 25. Re2 Nxb2 26. e5 Nc4 27. Nb5 Nxe5
28. Rxa7 Rxa7 29. Nxa7 Ra8 30. f4 Nd3 31. d7 Kf8 32. Nc6 Ra1+ 0-1

[Event "26.Schlosspark-Open"]
[Site "Wiesbaden-Biebrich"]
[Date "2014.08.29"]
[Round "3.81"]
[White "Moseler, Thomas"]
[Black "Gießelbach, Christian"]
[Result "1-0"]
[WhiteElo "1628"]
[BlackElo "1147"]
[PlyCount "47"]
[EventDate "2014.??.??"]
[WhiteTeam "SK Lister Turm"]
[BlackTeam "SAbt TuS Dotzheim"]

1. e4 c6 2. d4 d5 3. e5 Bf5 4. Nf3 e6 5. Bd3 Bxd3 6. Qxd3 Nd7 7. O-O c5 8. c3
Ne7 9. Ng5 Nf5 10. Nh3 Qb6 11. Rd1 Be7 12. b3 cxd4 13. cxd4 Qxd4 14. Qxd4 Nxd4
15. Rxd4 Rc8 16. Rd1 Nxe5 17. Be3 O-O 18. Nd2 Bf6 19. Rac1 Ng4 20. Nf4 Nxe3 21.
fxe3 Rc3 22. Rxc3 Bxc3 23. Nb1 Rc8 24. Rc1 1-0

[Event "26.Schlosspark-Open"]
[Site "Wiesbaden-Biebrich"]
[Date "2014.08.29"]
[Round "3.82"]
[White "Thybo, Jan"]
[Black "Wöhl, Torsten"]
[Result "1/2-1/2"]
[WhiteElo "1347"]
[BlackElo "1626"]
[PlyCount "62"]
[EventDate "2014.??.??"]
[WhiteTeam "Morso Skak Klub"]
[BlackTeam "SC Groß-Zimmern"]

1. e4 e6 2. d4 d5 3. e5 c5 4. Nf3 Nc6 5. c4 cxd4 6. Bg5 Qb6 7. cxd5 Bb4+ 8. Bd2
Bxd2+ 9. Nbxd2 exd5 10. Qb3 Qc5 11. Bb5 Nge7 12. O-O O-O 13. Rac1 Qb6 14. Bxc6
Nxc6 15. Qxb6 axb6 16. a3 Bf5 17. Rfe1 Rfe8 18. Nh4 Be6 19. f4 g6 20. Nhf3 Ra4
21. Ng5 d3 22. Nxe6 Rxe6 23. g3 Nd4 24. Kf2 Nc2 25. Red1 f6 26. Nf3 Nd4 27.
Rxd3 Nxf3 28. Rxf3 Rc4 29. Rxc4 dxc4 30. exf6 Rxf6 31. Rc3 Rc6 1/2-1/2